عرض عادي
عرض مارك
مدخل Personal Name
001 - CONTROL NUMBER
- control field: 10226
003 - CONTROL NUMBER IDENTIFIER
- control field: DLC
005 - DATE AND TIME OF LATEST TRANSACTION
- control field: 20251210132807.0
008 - FIXED-LENGTH DATA ELEMENTS
- fixed length control field: 991014n| acannaabn |a aaa c
010 ## - LIBRARY OF CONGRESS CONTROL NUMBER
- LC control number: nr 99032256
035 ## - SYSTEM CONTROL NUMBER
- System control number: (OCoLC)oca05084897
040 ## - CATALOGING SOURCE
- Original cataloging agency: NIC
- Language of cataloging: eng
- Transcribing agency: NIC
- Modifying agency: OCoLC
100 1# - HEADING--PERSONAL NAME
- Personal name: Benlahcen Tlemçani, Mohamed
400 1# - SEE FROM TRACING--PERSONAL NAME
- Personal name: Tlemçani, Mohamed Benlahcen
670 ## - SOURCE DATA FOUND
- Source citation: La problématique urbaine au Maroc, 1998:
- Information found: t.p. (Mohamed Benlahcen Tlemçani)
905 ## - cataloger
- cataloger: Auth_BKS